01007cam a22002651 4500001001300000003000400013005001700017008004100034010001700075035001900092040002600111042001200137050002100149082001100170100003200181245008500213260008200298300005900380410008200439500005000521500006700571650003800638740004800676999001700724gs 26000197 DLC20260227111330.0750828s1925 xx s000 0 eng  ags 26000197  a(OCoLC)1578427 aDLCcCtHTdOCoLCdDLC apremarc00aQE94.S8bM3 1925 a547.461 aMartin, Laura Hatch,d1884-14aThe geology of the Stonington region, Connecticut,cby Laura Hatch Martin, Ph.D. aHartford,bPrinted by the State Geological and Natural History Survey,c1925. a70, [4] p., 3 l.billus., VIII pl., fold. map.c23 cm.20aState Geological and Natural History Survey of Connecticut.tBulletinvno. 33 aState of Connecticut. Public document no. 47. aPublished also as thesis (Ph. D.) University of Chicago, 1916. 0aGeologyzConnecticutzStonington.0 aStonington region, Connecticut, Geology of. c26466d26466